000 00790cam a22002414a 4500
003 OSt
005 20140310182454.0
008 081219s2010 njua bf 001 0 eng
020 _a9780135134245 (pbk.)
020 _a0135134242 (pbk.)
050 _aRB 45.15
_b.G37 2010
100 1 _aGarza, Diana.
_98285
245 1 0 _aPhlebotomy handbook :
_bblood specimen collection from basic to advanced /
_cDiana Garza, Kathleen Becan-McBride.
250 _a8th ed.
260 _aUpper Saddle River, N.J. :
_bPearson,
_cc2010.
300 _a667 p. :
_bcol. ill. ;
_c25 cm.
650 0 _aPhlebotomy
_vHandbooks, manuals, etc.
_98286
650 1 2 _aPhlebotomy
_vHandbooks.
_98287
700 1 _aBecan-McBride, Kathleen,
_d1949-
_98288
942 _2lcc
_cSSLC
999 _c13715
_d13715